Normal view
MARC view
Entry Topical Term
001 - CONTROL NUMBER
- control field: 32093
003 - CONTROL NUMBER IDENTIFIER
- control field: OSt
005 - DATE AND TIME OF LATEST TRANSACTION
- control field: 20260630122904.0
008 - FIXED-LENGTH DATA ELEMENTS
- fixed length control field: 260630|| aca||aabn | a|a d
040 ## - CATALOGING SOURCE
- Original cataloging agency: OSt
- Transcribing agency: OSt
150 ## - HEADING--TOPICAL TERM
- Topical term or geographic name entry element: Poetry - Study and Teaching ( Elementary)
670 ## - SOURCE DATA FOUND
- Source citation: Work cat.: (OSt)25645: Calkins, Lucy 27666, Poetry : Big Thoughts in Small Packages, 2013
